La incidencia de la imposición indirecta en un enfoque de equilibrio parcial (Registro nro. 24827)
[ vista simple ]
| 000 -LEADER | |
|---|---|
| fixed length control field | 00367 a2200109 4500 |
| 001 - CONTROL NUMBER | |
| control field | ART_10984 |
| 005 - DATE AND TIME OF LATEST TRANSACTION | |
| control field | 20260410161849.0 |
| 008 - FIXED-LENGTH DATA ELEMENTS--GENERAL INFORMATION | |
| fixed length control field | 260409a |
| 100 1# - MAIN ENTRY--PERSONAL NAME | |
| Personal name | Piffano, Horacio L. P. |
| 245 10 - TITLE STATEMENT | |
| Title | La incidencia de la imposición indirecta en un enfoque de equilibrio parcial |
| 773 0# - HOST ITEM ENTRY | |
| Title | Económica |
| Related parts | - Año XXIX, Nº 2/3 (may./dic. 1983) |
| Record control number | REV7541 |
No hay ítems disponibles.